[Event "Politiken Cup 2013"]
[Site "Helsingør "]
[Date "2013.07.28"]
[Round "2.55"]
[White "Alfven, Jorgen"]
[Black "Larsen, Jens Evald"]
[Result "1-0"]
[WhiteElo "1852"]
[BlackElo "1533"]
[PlyCount "41"]
[EventDate "2013.07.27"]

1. d4 d5 2. c4 Nf6 3. cxd5 Nxd5 4. e4 Nf6 5. Nc3 e6 6. Be3 Bb4 7. f3 O-O 8. a3
Be7 9. Bc4 Nbd7 10. Nge2 c5 11. O-O cxd4 12. Nxd4 Ne5 13. Ba2 Bc5 14. b4 Bxd4
15. Bxd4 Nc6 16. Bc5 Qxd1 17. Rfxd1 Rd8 18. b5 Bd7 19. bxc6 Bxc6 20. Rxd8+ Rxd8
21. Bxa7 1-0

[Event "Politiken Cup 2013"]
[Site "Helsingør "]
[Date "2013.07.28"]
[Round "2.134"]
[White "Rendlev, Niels Moller"]
[Black "Thybo, Thomas Sondergaard"]
[Result "1-0"]
[WhiteElo "1843"]
[BlackElo "1512"]
[PlyCount "137"]
[EventDate "2013.07.27"]

1. g3 d5 2. f4 c5 3. d3 Bf5 4. Nf3 e6 5. Bg2 Bd6 6. Nc3 a6 7. e4 Bg4 8. h3 Bxf3
9. Qxf3 d4 10. Ne2 e5 11. O-O Nf6 12. fxe5 Bxe5 13. Bf4 Nc6 14. Bxe5 Nxe5 15.
Qf5 Qd6 16. b3 Qe6 17. Qf2 Ng6 18. Rae1 O-O 19. Nf4 Qe5 20. Nd5 Nh5 21. Kh2 Nh4
22. Bf3 Nxf3+ 23. Qxf3 g6 24. Nf6+ Nxf6 25. Qxf6 Qxf6 26. Rxf6 Rac8 27. Ref1
Rc6 28. g4 Rxf6 29. Rxf6 Rc8 30. Rb6 Rc7 31. Kg3 Kf8 32. Kf4 Re7 33. g5 Ke8 34.
a4 Kd8 35. e5 Kc7 36. Rf6 Kd7 37. Ke4 Kc7 38. a5 Rd7 39. h4 Kc8 40. Rd6 Re7 41.
Kd5 Kc7 42. Rb6 Kc8 43. e6 fxe6+ 44. Rxe6 Rf7 45. Rf6 Re7 46. Rf8+ Kd7 47. Kxc5
Re5+ 48. Kxd4 Rxa5 49. Rf7+ Kc6 50. Rxh7 Rf5 51. Rh6 Rd5+ 52. Ke4 Rd6 53. h5
gxh5 54. Rxd6+ Kxd6 55. g6 Ke6 56. Kf4 Kf6 57. g7 Kxg7 58. Kg5 h4 59. Kxh4 Kf6
60. Kg4 Ke5 61. c3 Kd6 62. Kf4 Kd5 63. Kf5 Kd6 64. Ke4 Ke6 65. d4 Kd6 66. d5
Kd7 67. Ke5 Ke7 68. d6+ Kd7 69. Kd5 1-0

[Event "Politiken Cup 2013"]
[Site "Helsingør "]
[Date "2013.07.28"]
[Round "2.137"]
[White "Nielsen, Bjorn"]
[Black "Larsen, Preben R"]
[Result "0-1"]
[WhiteElo "1458"]
[BlackElo "1836"]
[PlyCount "46"]
[EventDate "2013.07.27"]

1. d4 Nf6 2. c4 e6 3. Nc3 Bb4 4. Bd2 O-O 5. e3 b6 6. Bd3 Bb7 7. f3 d5 8. Nge2
Nc6 9. a3 Be7 10. O-O dxc4 11. Bc2 e5 12. dxe5 Nxe5 13. Be4 Nxe4 14. Nxe4 Bxe4
15. fxe4 Qd3 16. Ng3 Rad8 17. Bb4 Qxe3+ 18. Kh1 Rxd1 19. Bxe7 Rxa1 20. Rxa1 Ng4
21. Nf1 Nf2+ 22. Kg1 Nh3+ 23. Kh1 Qg1# 0-1

[Event "Politiken Cup 2013"]
[Site "Helsingør "]
[Date "2013.07.28"]
[Round "2.138"]
[White "Rasmussen, Henning"]
[Black "Hein, Jacob"]
[Result "1-0"]
[WhiteElo "1835"]
[BlackElo "1491"]
[PlyCount "95"]
[EventDate "2013.07.27"]

1. d4 Nf6 2. c4 g6 3. Nc3 Bg7 4. e4 d6 5. f3 O-O 6. Be3 e5 7. Nge2 exd4 8. Nxd4
a6 9. Be2 c5 10. Nc2 Nc6 11. O-O Ne5 12. Qd2 Be6 13. b3 Qa5 14. a4 Rad8 15.
Rad1 Ne8 16. Nd5 Qxd2 17. Rxd2 Nc6 18. Rfd1 f5 19. Bg5 Rd7 20. Nf4 Bf7 21. exf5
gxf5 22. Nd5 Bg6 23. f4 h6 24. Bh4 Bd4+ 25. Bf2 Nf6 26. Nxd4 Nxd5 27. cxd5 cxd4
28. dxc6 bxc6 29. Rxd4 d5 30. Bxa6 Rg7 31. Be2 Kh7 32. Bf3 Bf7 33. Rc1 Rb8 34.
Bd1 Rg6 35. Rd3 Rb4 36. Rd4 Rb7 37. Bh5 Rxg2+ 38. Kxg2 Bxh5 39. Rd3 Be8 40. Bc5
Rg7+ 41. Rg3 Rd7 42. Re1 Bf7 43. Re7 Rxe7 44. Bxe7 d4 45. Kf2 Bd5 46. Bc5 d3
47. Rxd3 Kg6 48. Rxd5 1-0

[Event "Politiken Cup 2013"]
[Site "Helsingør "]
[Date "2013.07.28"]
[Round "2.140"]
[White "Satre, Roger"]
[Black "Edwardsson, Hannu Kalervo"]
[Result "1-0"]
[WhiteElo "1833"]
[BlackElo "1474"]
[PlyCount "55"]
[EventDate "2013.07.27"]

1. e4 e5 2. d4 exd4 3. Nf3 c6 4. Qxd4 d6 5. Bc4 Nf6 6. e5 dxe5 7. Qxd8+ Kxd8 8.
Nxe5 Be6 9. Bxe6 fxe6 10. Nf7+ Ke7 11. Nxh8 g6 12. Nc3 Bg7 13. Nxg6+ hxg6 14.
Bg5 Nbd7 15. O-O-O Kf7 16. Rhe1 Nd5 17. Nxd5 cxd5 18. Rxd5 exd5 19. Re7+ Kg8
20. Rxd7 b6 21. Rxd5 Re8 22. Rd8 Rxd8 23. Bxd8 Kf7 24. b3 b5 25. Kd2 Ke6 26.
Kd3 a6 27. Ke4 Bc3 28. f4 1-0

[Event "Politiken Cup 2013"]
[Site "Helsingør "]
[Date "2013.07.28"]
[Round "2.141"]
[White "Endresen, Ola Torstein"]
[Black "Nordstrom, Hakon N"]
[Result "0-1"]
[WhiteElo "1399"]
[BlackElo "1830"]
[PlyCount "115"]
[EventDate "2013.07.27"]

1. d4 e6 2. Nc3 d5 3. e4 Bb4 4. Nge2 dxe4 5. a3 Ba5 6. b4 Bb6 7. Nxe4 Bd7 8. c4
a6 9. Bg5 f6 10. Bf4 Bc6 11. f3 Ne7 12. Nc5 Bxc5 13. dxc5 Qxd1+ 14. Rxd1 e5 15.
Be3 Nf5 16. Bf2 Ba4 17. Rd2 O-O 18. Nc3 Bc6 19. Bd3 Ne7 20. O-O Kh8 21. Rfd1
Bd7 22. Nd5 Nxd5 23. cxd5 c6 24. d6 Be6 25. Bg3 Nd7 26. f4 Rae8 27. fxe5 fxe5
28. Bh4 a5 29. Bf2 Bd5 30. Be3 axb4 31. axb4 Ra8 32. Rf2 Rxf2 33. Bxf2 g6 34.
Re1 Kg7 35. Be2 Kf7 36. Bh4 h5 37. Rf1+ Ke6 38. Bd3 e4 39. Re1 Ke5 40. Bc2 Ra2
41. Bg3+ Kf5 42. Rf1+ Ke6 43. Rc1 b6 44. Bd1 bxc5 45. bxc5 Nxc5 46. Bxh5 gxh5
47. Rxc5 e3 48. Rc1 Rxg2+ 49. Kf1 h4 50. Bxh4 Rxh2 51. Re1 Rxh4 52. Rxe3+ Re4
53. Rh3 Kxd6 54. Rh6+ Kc5 55. Rh3 Kd4 56. Rh8 c5 57. Rc8 c4 58. Ra8 0-1

[Event "Politiken Cup 2013"]
[Site "Helsingør "]
[Date "2013.07.28"]
[Round "2.143"]
[White "Narheim, Mats"]
[Black "Torkilseng, Runar"]
[Result "0-1"]
[WhiteElo "1315"]
[BlackElo "1827"]
[PlyCount "60"]
[EventDate "2013.07.27"]

1. e4 e6 2. Nf3 d5 3. exd5 exd5 4. Bb5+ c6 5. Be2 Bd6 6. Nc3 Ne7 7. d4 O-O 8.
Bg5 f6 9. Bh4 Bg4 10. O-O Nd7 11. Nd2 Bxe2 12. Qxe2 Kh8 13. a3 Nb6 14. Rae1 Nf5
15. Qg4 Nxh4 16. Qxh4 Qd7 17. Nb3 Nc4 18. Re2 Rae8 19. Rxe8 Rxe8 20. Nc5 Bxc5
21. dxc5 Nxb2 22. h3 Nc4 23. a4 Qe6 24. f3 Qe3+ 25. Qf2 Qxc3 26. Rb1 b6 27. a5
b5 28. a6 Qe3 29. Re1 Qxe1+ 30. Qxe1 Rxe1+ 0-1

[Event "Politiken Cup 2013"]
[Site "Helsingør "]
[Date "2013.07.28"]
[Round "2.144"]
[White "Frederiksen Kristian, Pade"]
[Black "Thybo, Jan"]
[Result "1-0"]
[WhiteElo "1823"]
[BlackElo "1303"]
[PlyCount "37"]
[EventDate "2013.07.27"]

1. d4 Nf6 2. c4 g6 3. Nc3 Bg7 4. e4 d6 5. f4 c5 6. d5 O-O 7. Nf3 Qa5 8. Bd2
Nbd7 9. Bd3 e5 10. dxe6 fxe6 11. Nb5 Qb6 12. Qa4 a6 13. Qa3 e5 14. O-O Nh5 15.
fxe5 Nxe5 16. Nxe5 Rxf1+ 17. Rxf1 dxe5 18. Be3 Bf8 19. Rxf8+ 1-0

[Event "Politiken Cup 2013"]
[Site "Helsingør "]
[Date "2013.07.28"]
[Round "3.1"]
[White "Saduakassova, Dinara"]
[Black "Cheparinov, Ivan"]
[Result "0-1"]
[WhiteElo "2340"]
[BlackElo "2678"]
[PlyCount "70"]
[EventDate "2013.07.27"]

1. d4 Nf6 2. c4 d6 3. Nf3 g6 4. Nc3 Bf5 5. Bg5 Ne4 6. Nxe4 Bxe4 7. Nd2 Bc6 8.
e4 Bg7 9. Be3 O-O 10. Qb3 a5 11. d5 a4 12. Qc2 Bd7 13. a3 Na6 14. h4 f5 15. g3
e5 16. dxe6 Bxe6 17. h5 Qf6 18. hxg6 hxg6 19. Bg2 Nc5 20. exf5 Bxf5 21. Bd5+
Rf7 22. Ne4 Nxe4 23. Bxe4 Qxb2 24. Qxb2 Bxb2 25. Bxf5 Bxa1 26. Be6 Re8 27.
Bxf7+ Kxf7 28. Kd2 Bg7 29. Rh4 Re6 30. Bd4 Bxd4 31. Rxd4 Re5 32. Kc3 g5 33. Rg4
Kg6 34. Kb4 Kf5 35. f3 c5+ 0-1

[Event "Politiken Cup 2013"]
[Site "Helsingør "]
[Date "2013.07.28"]
[Round "3.2"]
[White "Edouard, Romain"]
[Black "Ochsner, Bjorn Moller"]
[Result "1-0"]
[WhiteElo "2662"]
[BlackElo "2343"]
[PlyCount "101"]
[EventDate "2013.07.27"]

1. d4 Nf6 2. c4 e6 3. Nc3 Bb4 4. e3 c5 5. Bd3 O-O 6. Nf3 d5 7. O-O Nc6 8. cxd5
cxd4 9. dxc6 dxc3 10. bxc3 Bd6 11. e4 Qc7 12. Qe2 Ng4 13. Nd4 Ne5 14. cxb7 Bxb7
15. Nb5 Qe7 16. Nxd6 Qxd6 17. Bb5 Bc6 18. a4 Rfc8 19. Rd1 Qc7 20. Bf4 Bxb5 21.
axb5 f6 22. Qa2 Kf7 23. Bxe5 fxe5 24. Rd3 Rd8 25. Rf3+ Ke7 26. h4 Qc5 27. Qe2
Rd7 28. Rg3 Kf8 29. Ra6 Re7 30. Rc6 Qa3 31. Qh5 Kg8 32. Qxe5 Qc1+ 33. Kh2 Qh6
34. Qg5 Qxg5 35. Rxg5 Rd8 36. Rgc5 Rdd7 37. Kg3 Kf7 38. Kf3 g6 39. Ke3 Kg7 40.
e5 Kf7 41. Rd6 Rb7 42. c4 Rb8 43. Rdc6 Rbb7 44. Rc8 Rbd7 45. R5c6 Kg7 46. Rd6
Rb7 47. g4 Kh6 48. Rcc6 Rbc7 49. Rxe6 Rxc6 50. Rxe7 Rxc4 51. f3 1-0

[Event "Politiken Cup 2013"]
[Site "Helsingør "]
[Date "2013.07.28"]
[Round "3.4"]
[White "Melkumyan, Hrant"]
[Black "Friedrich, Norbert"]
[Result "1-0"]
[WhiteElo "2632"]
[BlackElo "2305"]
[PlyCount "81"]
[EventDate "2013.07.27"]

1. d4 d5 2. c4 c6 3. cxd5 cxd5 4. Bf4 Nc6 5. e3 Nf6 6. Nc3 Bf5 7. Qb3 Na5 8.
Qa4+ Bd7 9. Qc2 e6 10. Bd3 Nc6 11. Qd1 Be7 12. h3 O-O 13. Nf3 Rc8 14. O-O Nh5
15. Bh2 f5 16. Ne5 Nf6 17. Nxd7 Qxd7 18. Qa4 Bd6 19. Bxd6 Qxd6 20. Rac1 g5 21.
Ne2 Qb4 22. Bb5 Qxa4 23. Bxa4 Ne7 24. f3 Kg7 25. Kf2 Rxc1 26. Nxc1 Rc8 27. Nd3
b6 28. Ke2 Rc4 29. Bd1 Ng6 30. g4 fxg4 31. hxg4 Rc8 32. Kd2 Rh8 33. Be2 Rc8 34.
a4 Nd7 35. a5 Rc7 36. Ra1 Kf6 37. Nb4 Ke7 38. axb6 axb6 39. Ra8 Kf6 40. Bb5 Ne7
41. Rd8 1-0

[Event "Politiken Cup 2013"]
[Site "Helsingør "]
[Date "2013.07.28"]
[Round "3.5"]
[White "Englert, Fabian"]
[Black "Erenburg, Sergey"]
[Result "0-1"]
[WhiteElo "2282"]
[BlackElo "2615"]
[PlyCount "94"]
[EventDate "2013.07.27"]

1. d4 d5 2. c4 e6 3. Nc3 c6 4. Nf3 Nf6 5. Bg5 Nbd7 6. cxd5 exd5 7. e3 Be7 8.
Bd3 Nh5 9. Bxe7 Qxe7 10. O-O O-O 11. Qc2 g6 12. Rab1 Ndf6 13. b4 Ng7 14. b5 c5
15. dxc5 Qxc5 16. Rfc1 Bg4 17. Nd4 Rfc8 18. Qb2 Qd6 19. h3 Bd7 20. Nce2 Ne4 21.
Bxe4 dxe4 22. Rd1 Qe5 23. Nc6 Qxb2 24. Rxb2 Bxc6 25. bxc6 bxc6 26. Nc3 f5 27.
Rb7 Rcb8 28. Rc7 Rc8 29. Rb7 Rcb8 30. Rc7 Ne8 31. Rxc6 Rc8 32. Nd5 Rd8 33. Rcc1
Rd7 34. Nb4 Rxd1+ 35. Rxd1 Rc8 36. Kf1 Kf8 37. Rd5 Rc7 38. Ke2 Ke7 39. a3 Nd6
40. Ra5 Kd7 41. g4 Nc4 42. Ra6 fxg4 43. hxg4 Ne5 44. Rf6 a5 45. Nd5 Rc5 46.
Nb6+ Kc7 47. Re6 Nc6 0-1

[Event "Politiken Cup 2013"]
[Site "Helsingør "]
[Date "2013.07.28"]
[Round "3.6"]
[White "Van Kampen, Robin"]
[Black "Lindgren, Philip"]
[Result "1/2-1/2"]
[WhiteElo "2595"]
[BlackElo "2287"]
[PlyCount "61"]
[EventDate "2013.07.27"]

1. e4 c6 2. d4 d5 3. e5 Bf5 4. Nf3 e6 5. Be2 Nd7 6. O-O Bg6 7. c3 Nh6 8. Nbd2
Nf5 9. Nb3 a6 10. Bd3 Rc8 11. h3 c5 12. Bg5 Be7 13. Bxe7 Nxe7 14. Nc1 O-O 15.
Qd2 cxd4 16. cxd4 Nb8 17. Bxg6 Nxg6 18. Nd3 Nc6 19. Qe3 Nh4 20. Nxh4 Qxh4 21.
f4 f5 22. Rfc1 Qe7 23. Rc3 b6 24. Rac1 Qb7 25. g4 Ne7 26. Qe1 fxg4 27. hxg4 h5
28. Rxc8 Rxc8 29. Rxc8+ Qxc8 30. Qb4 Kf7 31. Qxb6 1/2-1/2

[Event "Politiken Cup 2013"]
[Site "Helsingør "]
[Date "2013.07.28"]
[Round "3.7"]
[White "Schmidt, Kresten"]
[Black "Brunello, Sabino"]
[Result "0-1"]
[WhiteElo "2272"]
[BlackElo "2593"]
[PlyCount "80"]
[EventDate "2013.07.27"]

1. e4 c5 2. Nf3 e6 3. c3 Nf6 4. e5 Nd5 5. d4 cxd4 6. cxd4 b6 7. Bd3 Be7 8. O-O
O-O 9. Qe2 Nc6 10. Nc3 Ncb4 11. Nxd5 Nxd5 12. Qe4 g6 13. Bh6 f5 14. exf6 Rxf6
15. h4 Rf5 16. g4 Rxf3 17. Qxf3 Bxh4 18. Be4 Bb7 19. Bxd5 Bxd5 20. Qf4 Qf6 21.
Qxf6 Bxf6 22. Be3 h5 23. gxh5 gxh5 24. f4 Kf7 25. Kh2 Kg6 26. a3 Kf5 27. Rac1
Rg8 28. Rg1 Rxg1 29. Bxg1 Kg4 30. Rc8 Bh4 31. Rg8+ Kxf4 32. Rg7 Bc6 33. Rf7+
Kg4 34. Bf2 Bg5 35. Rg7 Kf5 36. d5 exd5 37. Bd4 Bf4+ 38. Kh3 Ke4 39. Bf2 d4 40.
Re7+ Kd3 0-1

[Event "Politiken Cup 2013"]
[Site "Helsingør "]
[Date "2013.07.28"]
[Round "3.33"]
[White "Rolvag, Mikael"]
[Black "Grandelius, Nils"]
[Result "0-1"]
[WhiteElo "2162"]
[BlackElo "2573"]
[PlyCount "52"]
[EventDate "2013.07.27"]

1. d4 Nf6 2. Nf3 g6 3. c4 Bg7 4. g3 d5 5. cxd5 Nxd5 6. Bg2 Nb6 7. Nc3 Nc6 8. e3
O-O 9. O-O Re8 10. Re1 a5 11. a4 Rb8 12. Nb5 Nb4 13. b3 c6 14. Na3 Bg4 15. Bb2
e5 16. h3 Bxf3 17. Bxf3 exd4 18. e4 d3 19. Bxg7 Kxg7 20. Qd2 Qd4 21. Rac1 Rbd8
22. Bg2 Nd7 23. Rc4 Qf6 24. f4 Nb6 25. Rcc1 Qd4+ 26. Kh2 Na2 0-1

[Event "Politiken Cup 2013"]
[Site "Helsingør "]
[Date "2013.07.28"]
[Round "3.9"]
[White "Halkias, Stelios"]
[Black "Larsen, Karsten"]
[Result "1-0"]
[WhiteElo "2565"]
[BlackElo "2270"]
[PlyCount "57"]
[EventDate "2013.07.27"]

1. d4 Nf6 2. Nf3 g6 3. c4 Bg7 4. g3 O-O 5. Bg2 d6 6. Nc3 Nc6 7. O-O Bd7 8. e4
e5 9. d5 Ne7 10. Ne1 Ne8 11. Nd3 c5 12. dxc6 bxc6 13. Be3 Be6 14. Qa4 Nc7 15.
Rfd1 Qe8 16. Rac1 c5 17. Qxe8 Rfxe8 18. b4 cxb4 19. Nxb4 a5 20. Nbd5 Nexd5 21.
exd5 Bg4 22. f3 Bf5 23. g4 Bd7 24. Ne4 Ra6 25. c5 Ba4 26. cxd6 Nb5 27. d7 Rd8
28. Rc8 Ra8 29. Rxa8 1-0

[Event "Politiken Cup 2013"]
[Site "Helsingør "]
[Date "2013.07.28"]
[Round "3.10"]
[White "Stojanovski, Sandi"]
[Black "Hansen, Sune Berg"]
[Result "0-1"]
[WhiteElo "2270"]
[BlackElo "2549"]
[PlyCount "108"]
[EventDate "2013.07.27"]

1. d4 Nf6 2. c4 e6 3. Nc3 Bb4 4. e3 O-O 5. Bd3 c5 6. Nf3 d5 7. O-O dxc4 8. Bxc4
Nbd7 9. a3 Ba5 10. Bd2 cxd4 11. exd4 Bxc3 12. Bxc3 Nd5 13. Bd2 N7f6 14. Bg5 Qd6
15. Re1 Bd7 16. Ne5 Bc6 17. Qf3 Nb6 18. Nxc6 Qxc6 19. Qxc6 bxc6 20. Ba6 Nbd5
21. Rac1 Rab8 22. b4 Rb6 23. Bf1 Ne8 24. Rc5 Nd6 25. Ra5 Ra8 26. Rc1 h6 27. Bh4
Nf5 28. Bg3 Nxd4 29. Ra6 f6 30. Bd6 Rb7 31. Bc4 Nc7 32. Bxc7 Rxc7 33. f4 Kf8
34. Kf2 Rd8 35. Bd3 g5 36. g3 gxf4 37. gxf4 Rd5 38. Ke3 Rcd7 39. Be4 Rh5 40.
Bxc6 Rd6 41. Bb7 Rh3+ 42. Kf2 Rxa6 43. Bxa6 Rxa3 44. Bb7 Ra2+ 45. Kf1 Rxh2 46.
Rc4 Nf5 47. Kg1 Rd2 48. Rc7 Rb2 49. Bc8 Nd4 50. Rxa7 Ne2+ 51. Kf1 Nxf4 52. Rb7
h5 53. Bd7 Ke7 54. b5 h4 0-1

[Event "Politiken Cup 2013"]
[Site "Helsingør "]
[Date "2013.07.28"]
[Round "3.11"]
[White "Maze, Sebastien"]
[Black "Gandrud, Vegar Koi"]
[Result "1-0"]
[WhiteElo "2547"]
[BlackElo "2267"]
[PlyCount "73"]
[EventDate "2013.07.27"]

1. e4 c5 2. Nc3 g6 3. f4 Bg7 4. Nf3 Nc6 5. Bb5 Nd4 6. Nxd4 cxd4 7. Ne2 a6 8.
Bd3 d5 9. e5 Qb6 10. O-O Nh6 11. a4 f6 12. a5 Qc7 13. exf6 Bxf6 14. c3 Bf5 15.
Bxf5 Nxf5 16. g4 Nd6 17. Nxd4 Qc5 18. Kg2 Bxd4 19. cxd4 Qxd4 20. d3 Rc8 21. Qe2
Qf6 22. Be3 d4 23. Bg1 Nb5 24. Rae1 Rc7 25. f5 O-O 26. fxg6 Qxg6 27. Rxf8+ Kxf8
28. Bf2 h5 29. Bg3 Rd7 30. gxh5 Qg5 31. Qe6 Qd5+ 32. Qxd5 Rxd5 33. Re5 e6 34.
Rxd5 exd5 35. Bb8 Kg7 36. Kf3 Kh6 37. Kg4 1-0

[Event "Politiken Cup 2013"]
[Site "Helsingør "]
[Date "2013.07.28"]
[Round "3.12"]
[White "Thuesen, Mogens"]
[Black "Bulski, Krzysztof"]
[Result "0-1"]
[WhiteElo "2267"]
[BlackElo "2534"]
[PlyCount "62"]
[EventDate "2013.07.27"]

1. e4 c5 2. Nc3 e6 3. Nf3 Nc6 4. Bb5 Nge7 5. O-O a6 6. Bxc6 Nxc6 7. d4 cxd4 8.
Nxd4 d6 9. Be3 Qc7 10. Na4 b5 11. Nxc6 bxa4 12. Nd4 Be7 13. Rc1 O-O 14. c4 Bd7
15. Qd2 Rfc8 16. Rc2 Qb7 17. f3 Be8 18. Rfc1 Rc7 19. Ne2 Rac8 20. Nf4 h6 21.
Nd3 d5 22. exd5 exd5 23. Bf4 Rxc4 24. Rxc4 dxc4 25. Nf2 a3 26. Be5 axb2 27.
Bxb2 Bg5 28. f4 Bxf4 29. Qd4 f6 30. Rxc4 Be5 31. Qg4 Rxc4 0-1

[Event "Politiken Cup 2013"]
[Site "Helsingør "]
[Date "2013.07.28"]
[Round "3.13"]
[White "Rosenkilde, Alexander"]
[Black "Smerdon, David"]
[Result "0-1"]
[WhiteElo "2260"]
[BlackElo "2521"]
[PlyCount "54"]
[EventDate "2013.07.27"]

1. d4 Nf6 2. c4 e6 3. g3 d5 4. Nf3 dxc4 5. Bg2 Bb4+ 6. Bd2 c5 7. Bxb4 cxb4 8.
Ne5 O-O 9. O-O Nc6 10. Nxc6 bxc6 11. Bxc6 Rb8 12. Bf3 Qb6 13. e3 Ba6 14. Qc2
Rfd8 15. Rc1 e5 16. dxe5 Nd7 17. Be4 Nxe5 18. a3 Nd3 19. Rd1 b3 20. Qe2 Nc5 21.
Nc3 Nxe4 22. Nxe4 c3 23. Qh5 Rxd1+ 24. Rxd1 c2 25. Rc1 Rd8 26. h4 Qg6 27. Qxg6
Rd1+ 0-1

[Event "Politiken Cup 2013"]
[Site "Helsingør "]
[Date "2013.07.28"]
[Round "3.14"]
[White "Glud, Jakob Vang"]
[Black "Nielsen, Lars Aaes"]
[Result "1-0"]
[WhiteElo "2520"]
[BlackElo "2265"]
[PlyCount "87"]
[EventDate "2013.07.27"]

1. c4 b6 2. g3 Bb7 3. Nf3 Nf6 4. Bg2 g6 5. O-O Bg7 6. d4 d5 7. Ne5 O-O 8. Nc3
e6 9. Bf4 Nbd7 10. Rc1 c6 11. Qa4 Nxe5 12. Bxe5 Ne8 13. Bxg7 Kxg7 14. Rfd1 Qe7
15. e4 dxc4 16. Qxc4 Nd6 17. Qa4 Rfd8 18. h4 a6 19. Qb3 b5 20. Ne2 Rac8 21. Qc3
Kg8 22. Qc5 Rc7 23. b3 Nc8 24. f4 Rcd7 25. Qc3 Nd6 26. Qe3 a5 27. Rc5 Ne8 28.
Rdc1 Nf6 29. Qd2 Ra8 30. e5 Nd5 31. Bxd5 Rxd5 32. Rxd5 exd5 33. f5 gxf5 34. Nf4
Kh8 35. Qd3 Rg8 36. Kh2 Qa3 37. Rc2 Bc8 38. Qe2 Bd7 39. e6 fxe6 40. Qe5+ Rg7
41. Nh5 Qf8 42. a4 bxa4 43. bxa4 Kg8 44. Nf6+ 1-0

[Event "Politiken Cup 2013"]
[Site "Helsingør "]
[Date "2013.07.28"]
[Round "3.15"]
[White "Bach, Matthias"]
[Black "Danielsen, Henrik"]
[Result "0-1"]
[WhiteElo "2251"]
[BlackElo "2510"]
[PlyCount "72"]
[EventDate "2013.07.27"]

1. d3 g6 2. Bd2 Bg7 3. Qc1 d5 4. g3 c5 5. Bg2 Nc6 6. Nc3 Nf6 7. Bh6 Bxh6 8.
Qxh6 Be6 9. Nh3 Qb6 10. Nd1 Nd4 11. Qd2 Rd8 12. c3 Nc6 13. Nf4 Bc8 14. e3 e5
15. Ne2 Bf5 16. f3 O-O 17. Nf2 e4 18. d4 exf3 19. Bxf3 Ne4 20. Bxe4 dxe4 21.
Qc1 cxd4 22. cxd4 Rc8 23. O-O Nxd4 24. Nxd4 Rxc1 25. Raxc1 Qxb2 26. g4 Bd7 27.
Rc7 Bc6 28. Nxc6 bxc6 29. Rxa7 Qc3 30. Re7 f5 31. Rd1 Qxe3 32. Rdd7 Qc3 33. g5
Qc1+ 34. Nd1 Qxg5+ 35. Kf1 Qh5 36. Ne3 Qf3+ 0-1

[Event "Politiken Cup 2013"]
[Site "Helsingør "]
[Date "2013.07.28"]
[Round "3.16"]
[White "Hector, Jonny"]
[Black "Nilsen, Joachim Birger"]
[Result "1-0"]
[WhiteElo "2509"]
[BlackElo "2259"]
[PlyCount "99"]
[EventDate "2013.07.27"]

1. e4 e5 2. Nf3 Nc6 3. Bc4 Bc5 4. c3 Nf6 5. d4 exd4 6. cxd4 Bb4+ 7. Nbd2 O-O 8.
O-O d5 9. exd5 Ne7 10. a3 Ba5 11. Ba2 Nexd5 12. Nc4 Bb6 13. Bg5 Be6 14. Re1 c6
15. Nxb6 axb6 16. Ne5 b5 17. Qf3 b4 18. axb4 Qb6 19. Bxf6 Nxf6 20. Bxe6 fxe6
21. Qb3 Rae8 22. Qc4 Kh8 23. Qc5 Qd8 24. Ra7 Nd7 25. Qc3 Nxe5 26. dxe5 Re7 27.
h3 Rd7 28. Rea1 h6 29. Qg3 Qb6 30. Ra8 Qxb4 31. Qg4 Qc5 32. Rxf8+ Qxf8 33. Qxe6
Rd2 34. Qg6 Qxf2+ 35. Kh1 Rd8 36. e6 Qf6 37. Qe4 Re8 38. Re1 Qe7 39. Qg6 Kg8
40. b4 Kh8 41. Rf1 Qxe6 42. Rf8+ Rxf8 43. Qxe6 Rf6 44. Qc8+ Kh7 45. Qxb7 h5 46.
Qe7 Kh6 47. Qe3+ Kg6 48. Qe8+ Kg5 49. Qe5+ Kh6 50. h4 1-0

[Event "Politiken Cup 2013"]
[Site "Helsingør "]
[Date "2013.07.28"]
[Round "3.18"]
[White "Rasmussen, Allan Stig"]
[Black "Holm, Kristian Stuvik"]
[Result "1/2-1/2"]
[WhiteElo "2502"]
[BlackElo "2255"]
[PlyCount "120"]
[EventDate "2013.07.27"]

1. e4 c5 2. Nf3 g6 3. d4 cxd4 4. Nxd4 Bg7 5. c4 Nc6 6. Nc2 d6 7. Be2 Nf6 8. Nc3
O-O 9. O-O Nd7 10. Bd2 Nc5 11. b4 Ne6 12. Rc1 a5 13. b5 Ncd4 14. Nxd4 Nxd4 15.
Be3 e5 16. Bd3 Be6 17. Qd2 Rc8 18. Nd5 Bxd5 19. cxd5 Qb6 20. Rxc8 Rxc8 21. Rc1
Rc7 22. Rc3 Bf6 23. Ra3 Bd8 24. Rxa5 Rc2 25. Bxc2 Qxa5 26. Qxa5 Bxa5 27. Bd3 f6
28. f4 Kf7 29. fxe5 fxe5 30. Bg5 Ke8 31. Kf2 Kf7 32. Be2 Nc2 33. Bg4 Nb4 34.
Bd2 Nd3+ 35. Ke3 Bxd2+ 36. Kxd3 Ba5 37. b6 Bxb6 38. Bc8 Ke7 39. Bxb7 Kd8 40.
Bc6 Bg1 41. h3 h5 42. h4 Bf2 43. Ke2 Bxh4 44. a4 Bg3 45. a5 Kc7 46. Be8 h4 47.
Kf3 Kb7 48. Bb5 Be1 49. a6+ Ka7 50. Kg4 Bf2 51. Kg5 Be1 52. Kxg6 Bf2 53. Kf5
Be1 54. Ke6 Bb4 55. Kf5 Be1 56. Ke6 Bb4 57. Kf5 Be1 58. Ke6 Bb4 59. Be2 Bc5 60.
Bb5 Bb4 1/2-1/2

[Event "Politiken Cup 2013"]
[Site "Helsingør "]
[Date "2013.07.28"]
[Round "3.19"]
[White "Haubro, Martin"]
[Black "Portisch, Lajos"]
[Result "1/2-1/2"]
[WhiteElo "2201"]
[BlackElo "2479"]
[PlyCount "135"]
[EventDate "2013.07.27"]

1. e4 e5 2. Nf3 Nc6 3. Bc4 Bc5 4. O-O Nf6 5. d3 O-O 6. h3 d6 7. c3 a6 8. Bb3 h6
9. Re1 Ba7 10. Nbd2 Nh5 11. Nf1 Qf6 12. Be3 Nf4 13. d4 g5 14. dxe5 Nxe5 15.
Nxe5 dxe5 16. Nh2 Qg7 17. Bxa7 Rxa7 18. Qf3 Ra8 19. Rad1 Be6 20. Rd2 Rad8 21.
Red1 Rxd2 22. Rxd2 Bc8 23. Qd1 Qg6 24. f3 h5 25. Kh1 Kg7 26. Rd8 Qf6 27. Rxf8
Kxf8 28. Qd2 Qd6 29. Qxd6+ cxd6 30. Bc2 Be6 31. a3 Bc4 32. Kg1 Ke7 33. Nf1 Bxf1
34. Kxf1 h4 35. Kf2 b6 36. b3 Kd7 37. Bd1 f6 38. Be2 a5 39. Bb5+ Kc7 40. Bc4
Kc6 41. a4 Kc5 42. Bf7 b5 43. axb5 Kxb5 44. Bc4+ Kb6 45. Bg8 a4 46. bxa4 Nd3+
47. Ke2 Nc5 48. Bf7 Nxa4 49. Kd3 Kc5 50. Kc2 Nb6 51. Kd3 Nc8 52. Be6 Ne7 53.
Bf7 f5 54. Ke3 d5 55. Bxd5 Nxd5+ 56. exd5 Kxd5 57. Kd3 Kc5 58. Ke3 Kc4 59. Kd2
f4 60. Ke2 Kxc3 61. Ke1 Kd3 62. Kd1 e4 63. fxe4 Kxe4 64. Ke2 Kf5 65. Kf3 g4+
66. hxg4+ Kg5 67. Ke2 Kxg4 68. Kf2 1/2-1/2

[Event "Politiken Cup 2013"]
[Site "Helsingør "]
[Date "2013.07.28"]
[Round "3.21"]
[White "Evertsson, Lennart"]
[Black "Svane, Rasmus"]
[Result "0-1"]
[WhiteElo "2200"]
[BlackElo "2427"]
[PlyCount "84"]
[EventDate "2013.07.27"]

1. e4 c6 2. Nf3 d5 3. Nc3 Bg4 4. h3 Bxf3 5. Qxf3 e6 6. exd5 cxd5 7. Bb5+ Nc6 8.
O-O Nf6 9. Re1 Be7 10. Ne2 O-O 11. c3 Qa5 12. Bxc6 bxc6 13. d3 c5 14. Bf4 Qb6
15. Rab1 a5 16. g4 Bd6 17. g5 Nd7 18. d4 Bxf4 19. Qxf4 f6 20. g6 hxg6 21. Qg3
g5 22. Kg2 e5 23. Rh1 Rae8 24. Qf3 Qe6 25. dxc5 Nxc5 26. b4 axb4 27. cxb4 Ne4
28. Rhd1 f5 29. Qb3 f4 30. f3 Nf6 31. b5 g4 32. Ng1 e4 33. fxg4 f3+ 34. Kh2
Qe5+ 35. Kh1 Qg3 36. Rb2 e3 37. Rf1 f2 38. Rbxf2 Qxf2 39. Rxf2 exf2 40. Kg2
Nxg4 41. Nf3 f1=Q+ 42. Kxf1 Rxf3+ 0-1

[Event "Politiken Cup 2013"]
[Site "Helsingør "]
[Date "2013.07.28"]
[Round "3.22"]
[White "Lund, Silas"]
[Black "Grant, Jonathan I M"]
[Result "0-1"]
[WhiteElo "2421"]
[BlackElo "2235"]
[PlyCount "82"]
[EventDate "2013.07.27"]

1. d4 Nf6 2. c4 e6 3. Nc3 Bb4 4. e3 O-O 5. Bd3 d5 6. Nf3 c5 7. O-O cxd4 8. exd4
dxc4 9. Bxc4 b6 10. Bg5 Bb7 11. Ne5 h6 12. Bh4 Nbd7 13. Qe2 Nxe5 14. dxe5 Qd4
15. Bg3 Rfc8 16. Bxe6 fxe6 17. exf6 Qxf6 18. f3 Bxc3 19. bxc3 Bd5 20. Be5 Qg6
21. Rfd1 Rc4 22. Bd4 Rf8 23. Kh1 Rf5 24. Rd3 Ra4 25. Re3 Rg5 26. a3 Bc4 27. Qd1
Raa5 28. Re2 Bxe2 29. Qxe2 Rgd5 30. f4 Rdb5 31. h3 Rb1+ 32. Rxb1 Qxb1+ 33. Kh2
Qf5 34. Be5 Rxa3 35. g4 Qb1 36. Kg3 Ra1 37. Bxg7 Qe1+ 38. Qxe1 Rxe1 39. Bd4 Rd1
40. Kf2 Rd2+ 41. Ke3 Rh2 0-1